000 00350nam a22001577a 4500
003 SGT
020 _a978-0-07--066733-4
082 _a003.3
_bLAW
100 _aLAW,AVERILL.M
245 _aSIMULATION MODELING AND ANALYSIS
250 _a4TH
260 _aCHENNAI
_bMC-GRAW HILL EDUCATION
_c2017
300 _a768
650 _aECE
942 _2ddc
_cBK
999 _c14663
_d14663